00502nam a2200205Ia 450000500170000000800460001702000180006303700100008104000080009104000080009904000080010704100080011504100080012308400080013124500520013926000260019126000090021765000210022685600490024720260306150042.0008 260114s9999 xx 000 0 eng d a9780300206845 aEbook aCRL beng cCRL 2eng aeng qCRL 0aHospitality and Treachery in Western Literature bYale University Press c2014 aCultural Studies uhttps://www.degruyter.com/isbn/9780300206845